000 00269nam a22001217a 4500
008 180924b xxu||||| |||| 00| 0 eng d
041 _aeng
080 _a610
100 _a6
101 _aane
245 _aAnesthesia And Analdesia
_cStogsdill.W.W
942 _2udc
_cBK
999 _c48306
_d48306